| 000 | 00666nam a2200229 a 4500 | ||
|---|---|---|---|
| 008 | |||
| 020 | _a0751403695 (hbk.) | ||
| 049 | _aMAIN | ||
| 090 |
_aTP155.7 _bHAN |
||
| 245 | 0 | 0 |
_aHandbook of batch process design / _cedited by P.N. Sharratt. |
| 260 |
_aLondon : _bBlackie, _c1997. |
||
| 300 |
_axii, 320 p. : _bill. ; _c25 cm. |
||
| 500 | _aIncludes index. | ||
| 504 | _aIncludes bibliographical references. | ||
| 650 | 0 | _aChemical process control. | |
| 700 | 1 | _aSharratt, P.N. | |
| 907 |
_a.b10017835 _b19-02-13 _c17-04-03 |
||
| 003 | |||
| 005 | 20230123133819.0 | ||
| 040 | _cNUST | ||
| 942 |
_cBOOKS _kTP155.7 _mHAN |
||
| 999 |
_c155073 _d155073 |
||